[Event "IV C.to Europeo Piccole Nazioni a squadre"]
[Site "Guernsey GCI"]
[Date "2015.04.19"]
[Round "1.17"]
[White "Mooney, Graham"]
[Black "Grassi, Enrico"]
[WhiteElo "1870"]
[BlackElo "2038"]
[Result "1/2-1/2"]
[Annotator "SMR-JCI"]
[PlyCount "111"]
[EventDate "2015.04.19"]

1. e4 d5 2. exd5 Qxd5 3. Nc3 Qa5 4. Nf3 Nf6 5. Bc4 Bf5 6. O-O e6 7. d4 c6 8.
Bf4 Be7 9. h3 Nbd7 10. a3 O-O 11. Qd2 Rfe8 12. Nh4 Ne4 13. Nxe4 Qxd2 14. Nxd2
Bxh4 15. Nf3 Bf6 16. c3 Nb6 17. Bb3 Nd5 18. Bg3 Rac8 19. Rfe1 Red8 20. Rad1 h6
21. Nd2 c5 22. dxc5 Rxc5 23. c4 Nb6 24. Ne4 Bxe4 25. Rxd8+ Bxd8 26. Rxe4 Bf6
27. Bd6 Rc8 28. c5 Nd7 29. Rb4 b6 30. Ba4 Nxc5 31. Bxc5 Rxc5 32. g3 Kf8 33. Kg2
Ke7 34. Bd1 Rd5 35. Ba4 Rd2 36. Rc4 Bd4 37. Rc2 Rxc2 38. Bxc2 Bxb2 39. a4 Kd6
40. Bd3 Kc5 41. Bb5 Kb4 42. Be8 f6 43. Bd7 e5 44. h4 a6 45. h5 b5 46. axb5 axb5
47. Kf3 Bd4 48. Ke2 Kc4 49. f3 b4 50. Kd2 b3 51. Be6+ Kb4 52. Bf5 b2 53. Bb1
Kc4 54. Ba2+ Kc5 55. Bb1 Kd6 56. g4 1/2-1/2

[Event "IV C.to Europeo Piccole Nazioni a squadre"]
[Site "Guernsey GCI"]
[Date "2015.04.19"]
[Round "1.18"]
[White "Righi, Ezio"]
[Black "Hawes, Jonathan Richard"]
[WhiteElo "2041"]
[BlackElo "2158"]
[Result "1-0"]
[Annotator "SMR-JCI"]
[PlyCount "67"]
[EventDate "2015.04.19"]

1. e4 e6 2. d4 d5 3. Nc3 Bb4 4. e5 b6 5. Qg4 Bf8 6. Nh3 Qd7 7. Nf4 Nh6 8. Qh3
Nf5 9. Be3 Ba6 10. Bxa6 Nxa6 11. g4 Nxe3 12. fxe3 Be7 13. Qg3 c5 14. h4 cxd4
15. exd4 Nb4 16. O-O-O O-O-O 17. g5 Nc6 18. Rhf1 Rdf8 19. a3 f5 20. exf6 gxf6
21. Qg4 fxg5 22. hxg5 Rhg8 23. Nh3 Rxf1 24. Rxf1 Bxg5+ 25. Nxg5 h6 26. Qxe6
Rxg5 27. Rf8+ Nd8 28. Qxh6 Qe7 29. Kb1 Rg1+ 30. Ka2 Qc7 31. Qe6+ Qd7 32. Qxd5
Qxd5+ 33. Nxd5 Rd1 34. c3 1-0

[Event "IV C.to Europeo Piccole Nazioni a squadre"]
[Site "Guernsey GCI"]
[Date "2015.04.19"]
[Round "1.19"]
[White "Kahn, Tito"]
[Black "Volpinari, Danilo"]
[WhiteElo "1942"]
[BlackElo "2016"]
[Result "1/2-1/2"]
[Annotator "SMR-JCI"]
[PlyCount "27"]
[EventDate "2015.04.19"]

1. d4 g6 2. e4 Bg7 3. Be3 c5 4. Nc3 Qa5 5. Nf3 Nf6 6. Qd2 cxd4 7. Nxd4 Nc6 8.
Nb3 Qd8 9. Be2 d6 10. Bh6 Bxh6 11. Qxh6 Be6 12. f3 Qb6 13. O-O-O O-O-O 14. Kb1
1/2-1/2

[Event "IV C.to Europeo Piccole Nazioni a squadre"]
[Site "Guernsey GCI"]
[Date "2015.04.19"]
[Round "1.20"]
[White "Maccapani, Massimiliano"]
[Black "Forbes, Garry"]
[WhiteElo "2009"]
[BlackElo "1908"]
[Result "1/2-1/2"]
[Annotator "SMR-JCI"]
[PlyCount "40"]
[EventDate "2015.04.19"]

1. b3 d5 2. Bb2 c5 3. Nf3 Bg4 4. Ne5 Bf5 5. e3 Nf6 6. f4 h5 7. d3 Nbd7 8. Be2
g6 9. Nxd7 Qxd7 10. Qd2 Bg7 11. c4 e6 12. Na3 O-O 13. O-O a5 14. Rac1 b6 15.
Nb5 Rfd8 16. Rfd1 Qe7 17. Be5 Ne8 18. Bxg7 Kxg7 19. Qb2+ Qf6 20. Qxf6+ Nxf6
1/2-1/2

[Event "IV C.to Europeo Piccole Nazioni a squadre"]
[Site "Guernsey GCI"]
[Date "2015.04.20"]
[Round "2.1"]
[White "Grassi, Enrico"]
[Black "Holland, Christopher"]
[WhiteElo "2038"]
[BlackElo "2213"]
[Result "1-0"]
[Annotator "SMR-GCI"]
[PlyCount "101"]
[EventDate "2015.04.19"]

1. e4 g6 2. d4 Bg7 3. Nf3 d6 4. h3 Nf6 5. Bd3 O-O 6. O-O Nc6 7. c3 e5 8. Bg5 h6
9. Be3 exd4 10. cxd4 Nb4 11. Nc3 Nxd3 12. Qxd3 Re8 13. Qd2 Nxe4 14. Nxe4 Rxe4
15. Bxh6 Qf6 16. Bg5 Qf5 17. Rfe1 Be6 18. b3 Rxe1+ 19. Rxe1 Qd5 20. Qf4 Re8 21.
Bf6 Bd7 22. Rxe8+ Bxe8 23. Ng5 Bc6 24. f3 Qf5 25. Qxf5 gxf5 26. Bxg7 Kxg7 27.
h4 Kg6 28. Kf2 f4 29. Nh3 Kf5 30. h5 a5 31. h6 Kg6 32. Nxf4+ Kxh6 33. Ke3 Kg5
34. g3 Bb5 35. Nd5 c6 36. Nc3 Bf1 37. Ne4+ Kg6 38. Nxd6 Ba6 39. Ke4 Kf6 40. g4
Ke6 41. Nf5 Be2 42. Ne3 Kd6 43. f4 b5 44. g5 b4 45. f5 Bb5 46. Nc4+ Bxc4 47.
bxc4 a4 48. Kd3 c5 49. d5 Ke5 50. g6 Kf6 51. d6 1-0

[Event "IV C.to Europeo Piccole Nazioni a squadre"]
[Site "Guernsey GCI"]
[Date "2015.04.20"]
[Round "2.2"]
[White "Hamperl, Fred"]
[Black "Righi, Ezio"]
[WhiteElo "2071"]
[BlackElo "2041"]
[Result "1-0"]
[Annotator "SMR-GCI"]
[PlyCount "99"]
[EventDate "2015.04.19"]

1. e4 c5 2. Nc3 e6 3. f4 Nc6 4. Nf3 a6 5. d3 d5 6. Be2 Nf6 7. O-O d4 8. Nb1 Be7
9. a4 Bd7 10. Ne5 Qc7 11. Nxd7 Qxd7 12. Nd2 Qc7 13. Qe1 O-O 14. Qg3 b5 15. Nf3
Rfd8 16. Ng5 Nd7 17. Bh5 g6 18. Bf3 Bf6 19. Qh4 Bxg5 20. Qxg5 f6 21. Qh4 Rac8
22. axb5 axb5 23. f5 exf5 24. exf5 Qd6 25. fxg6 hxg6 26. Ra6 Nde5 27. Bxc6 Rxc6
28. Rxc6 Qxc6 29. Rxf6 Rd6 30. Rf1 Qe8 31. Bf4 Re6 32. Qg5 Qe7 33. Qxe7 Rxe7
34. h3 Re6 35. Bg3 Nc6 36. Re1 Kf7 37. Rxe6 Kxe6 38. Be1 c4 39. dxc4 bxc4 40.
Kf2 Kd5 41. g4 Ke4 42. b4 c3 43. b5 Na5 44. Ke2 Nc4 45. Bf2 Kd5 46. h4 Ne5 47.
h5 Nxg4 48. hxg6 Nxf2 49. g7 d3+ 50. cxd3 1-0

[Event "IV C.to Europeo Piccole Nazioni a squadre"]
[Site "Guernsey GCI"]
[Date "2015.04.20"]
[Round "2.3"]
[White "Volpinari, Danilo"]
[Black "Kirby, Peter J."]
[WhiteElo "2016"]
[BlackElo "1990"]
[Result "1-0"]
[Annotator "SMR-GCI"]
[PlyCount "79"]
[EventDate "2015.04.19"]

1. d4 Nf6 2. c4 g6 3. g3 d5 4. Bg2 Bg7 5. Nf3 dxc4 6. Na3 c3 7. bxc3 O-O 8. O-O
c5 9. Nc4 Nc6 10. Nce5 Nxe5 11. Nxe5 cxd4 12. cxd4 Nd7 13. Nxd7 Qxd7 14. e3 Rb8
15. Ba3 b6 16. Rc1 Bb7 17. Bxb7 Qxb7 18. Qb3 Rfc8 19. Rfd1 Bf8 20. d5 b5 21.
Bb2 a5 22. Be5 Ra8 23. Bd4 a4 24. Qb2 Qxd5 25. Rb1 b4 26. Be5 Qe6 27. Bd4 Rc4
28. Rbc1 Rac8 29. Rxc4 Qxc4 30. Rb1 a3 31. Qd2 Qc2 32. Rd1 e6 33. h4 b3 34.
axb3 Qxb3 35. Ra1 Qc2 36. Qa5 Qe2 37. Qe5 f6 38. Qxe6+ Kg7 39. Qxf6+ Kg8 40.
Qe6# 1-0

[Event "IV C.to Europeo Piccole Nazioni a squadre"]
[Site "Guernsey GCI"]
[Date "2015.04.20"]
[Round "2.4"]
[White "Rowe, Peter"]
[Black "Maccapani, Massimiliano"]
[WhiteElo "1987"]
[BlackElo "2009"]
[Result "1/2-1/2"]
[Annotator "SMR-GCI"]
[PlyCount "24"]
[EventDate "2015.04.19"]

1. d4 c5 2. d5 e6 3. Nc3 d6 4. e4 Nf6 5. Nf3 exd5 6. exd5 Be7 7. Be2 a6 8. a4
O-O 9. O-O Bg4 10. Nd2 Bxe2 11. Qxe2 Re8 12. f4 Nbd7 1/2-1/2

[Event "IV C.to Europeo Piccole Nazioni a squadre"]
[Site "Guernsey GCI"]
[Date "2015.04.20"]
[Round "3.1"]
[White "Efimov, Igor"]
[Black "Berardi, Giancarlo"]
[WhiteElo "2398"]
[BlackElo "1625"]
[Result "1-0"]
[Annotator "SMR-MON"]
[PlyCount "47"]
[EventDate "2015.04.19"]

1. e4 e6 2. d4 d5 3. Nd2 Nf6 4. e5 Nfd7 5. Bd3 c5 6. c3 Nc6 7. Ne2 cxd4 8. cxd4
Nb4 9. Bb1 b5 10. O-O a5 11. f4 g6 12. Nf3 Ba6 13. g4 Rc8 14. f5 gxf5 15. gxf5
Rg8+ 16. Kh1 h6 17. Nf4 Ke7 18. fxe6 fxe6 19. Ng6+ Ke8 20. a3 Nc6 21. Ng5 hxg5
22. Qh5 Nb6 23. Nxf8+ Ke7 24. Qf7# 1-0

[Event "IV C.to Europeo Piccole Nazioni a squadre"]
[Site "Guernsey GCI"]
[Date "2015.04.20"]
[Round "3.3"]
[White "Nelis, Jean-Francois"]
[Black "Righi, Ezio"]
[WhiteElo "2146"]
[BlackElo "2041"]
[Result "1-0"]
[Annotator "SMR-MON"]
[PlyCount "79"]
[EventDate "2015.04.19"]

1. Nf3 d5 2. g3 Nf6 3. Bg2 c6 4. O-O Bf5 5. d3 h6 6. b3 e6 7. Bb2 Be7 8. Nbd2
O-O 9. c4 Na6 10. a3 Rc8 11. Rc1 Bh7 12. Re1 Re8 13. b4 b5 14. cxb5 cxb5 15.
Rxc8 Qxc8 16. Qa1 Qb7 17. Nb3 Rc8 18. Na5 Qa8 19. Nd4 Bd8 20. Nxb5 Bxa5 21.
bxa5 Ne8 22. Rc1 Rxc1+ 23. Qxc1 Qb7 24. a4 Nec7 25. Be5 Ne8 26. Qc3 f6 27. Bd4
Nec7 28. Bh3 Bg6 29. Bxa7 Nxb5 30. axb5 Qxb5 31. Bxe6+ Kh7 32. Bb6 Bh5 33. g4
Be8 34. Qc8 d4 35. Bc4 Qa4 36. f3 Nb4 37. Qf5+ Kh8 38. Qe6 Kh7 39. Bxd4 Nc2 40.
Bxf6 1-0

[Event "IV C.to Europeo Piccole Nazioni a squadre"]
[Site "Guernsey GCI"]
[Date "2015.04.20"]
[Round "3.4"]
[White "Maccapani, Massimiliano"]
[Black "Ribbegren, Karl Johan"]
[WhiteElo "2009"]
[BlackElo "2244"]
[Result "0-1"]
[Annotator "SMR-MON"]
[PlyCount "96"]
[EventDate "2015.04.19"]

1. Nf3 g6 2. g3 Bg7 3. c4 f5 4. Bg2 Nf6 5. O-O O-O 6. d3 d6 7. Nc3 e5 8. e4 f4
9. b4 h6 10. d4 Qe8 11. dxe5 dxe5 12. Nb5 Na6 13. Bb2 Nd7 14. Re1 Kh7 15. a3
Nb6 16. Nd2 Nxc4 17. Nxc4 Qxb5 18. Bf1 Qe8 19. Rc1 Nb8 20. Nd2 Qe7 21. Qc2 c6
22. Nc4 Nd7 23. Na5 Nb6 24. b5 cxb5 25. Bxb5 Qf6 26. Qd2 fxg3 27. hxg3 a6 28.
Bf1 Na4 29. Ba1 Rf7 30. Rc2 Bg4 31. Nc4 Qe7 32. Ne3 Be6 33. Qc1 Rd8 34. Bc4
Bxc4 35. Rxc4 b5 36. Rc6 Qa7 37. Qc2 Rdf8 38. Re2 h5 39. Nd5 h4 40. gxh4 Qd7
41. Ne3 Qh3 42. Rxa6 Rf4 43. Ng2 Rg4 44. f3 Rxf3 45. Rf2 Re3 46. Qd2 Rd3 47.
Qe2 Rb3 48. Rd6 Nc5 0-1

[Event "IV C.to Europeo Piccole Nazioni a squadre"]
[Site "Guernsey GCI"]
[Date "2015.04.21"]
[Round "4.1"]
[White "Berardi, Giancarlo"]
[Black "Wiedenkeller, Michael"]
[WhiteElo "1625"]
[BlackElo "2470"]
[Result "0-1"]
[Annotator "SMR-LUX"]
[PlyCount "68"]
[EventDate "2015.04.19"]

1. Nf3 d5 2. c4 d4 3. d3 Nc6 4. g3 e5 5. Nbd2 Nf6 6. Bg2 Be7 7. O-O O-O 8. a3
a5 9. Ne1 Nd7 10. Nc2 Nc5 11. Rb1 a4 12. Na1 Bd7 13. Ne4 Ne6 14. Nc2 Na5 15.
Na1 f5 16. Nd2 Nc5 17. Nf3 Bf6 18. Bd2 e4 19. Bxa5 exf3 20. Bxf3 Rxa5 21. Nc2
Bc6 22. Bxc6 bxc6 23. Nb4 Qd6 24. Qe1 Raa8 25. Nc2 f4 26. g4 f3 27. exf3 Qf4
28. Qc1 Qxf3 29. Ne1 Qxg4+ 30. Ng2 Be5 31. f4 Nxd3 32. fxe5 Nxc1 33. Rbxc1
Rxf1+ 34. Rxf1 d3 0-1

[Event "IV C.to Europeo Piccole Nazioni a squadre"]
[Site "Guernsey GCI"]
[Date "2015.04.21"]
[Round "4.2"]
[White "Linster, Philippe"]
[Black "Righi, Ezio"]
[WhiteElo "2239"]
[BlackElo "2041"]
[Result "1-0"]
[Annotator "SMR-LUX"]
[PlyCount "29"]
[EventDate "2015.04.19"]

1. c4 e6 2. g3 d5 3. Nf3 dxc4 4. Bg2 Nf6 5. Na3 Be7 6. Nxc4 O-O 7. O-O Nbd7 8.
b3 a6 9. Bb2 Nd5 10. d4 c5 11. Rc1 f6 12. e4 Nb4 13. a3 Nc6 14. d5 Nce5 15. d6
1-0

[Event "IV C.to Europeo Piccole Nazioni a squadre"]
[Site "Guernsey GCI"]
[Date "2015.04.21"]
[Round "4.3"]
[White "Volpinari, Danilo"]
[Black "Gengler, Pierre"]
[WhiteElo "2016"]
[BlackElo "2195"]
[Result "0-1"]
[Annotator "SMR-LUX"]
[PlyCount "78"]
[EventDate "2015.04.19"]

1. d4 Nf6 2. Nc3 d5 3. Bg5 Nbd7 4. Nf3 e6 5. e4 dxe4 6. Nxe4 Be7 7. Bxf6 Nxf6
8. Ng3 O-O 9. Bd3 c5 10. c3 cxd4 11. Nxd4 Bc5 12. Nb3 Bb6 13. O-O Qc7 14. Qe2
Qf4 15. Ne4 Nxe4 16. Qxe4 Qxe4 17. Bxe4 Rb8 18. Rad1 e5 19. Rd2 Bg4 20. h3 Bh5
21. Rd7 Rbd8 22. Rxd8 Rxd8 23. Bxb7 Bd1 24. Nc1 Rd2 25. b3 f5 26. Ba6 e4 27. b4
g5 28. Nb3 Bxb3 29. axb3 f4 30. c4 Bd4 31. c5 h5 32. Bc4+ Kf8 33. c6 Bb6 34.
Ba6 Ke7 35. Bc4 Kd6 36. b5 g4 37. Bf7 g3 38. Bxh5 gxf2+ 39. Kh2 e3 0-1

[Event "IV C.to Europeo Piccole Nazioni a squadre"]
[Site "Guernsey GCI"]
[Date "2015.04.21"]
[Round "4.4"]
[White "Mossong, Hubert"]
[Black "Maccapani, Massimiliano"]
[WhiteElo "2103"]
[BlackElo "2009"]
[Result "1/2-1/2"]
[Annotator "SMR-LUX"]
[PlyCount "30"]
[EventDate "2015.04.19"]

1. e4 c5 2. Nc3 Nc6 3. Bb5 Nd4 4. Nge2 g6 5. Nxd4 cxd4 6. Ne2 a6 7. Bd3 e5 8.
c3 dxc3 9. dxc3 d5 10. O-O Nf6 11. Bg5 Be7 12. Ng3 dxe4 13. Nxe4 Nxe4 14. Bxe7
Qxe7 15. Bxe4 O-O 1/2-1/2

[Event "IV C.to Europeo Piccole Nazioni a squadre"]
[Site "Guernsey GCI"]
[Date "2015.04.22"]
[Round "5.13"]
[White "Pace, Colin"]
[Black "Grassi, Enrico"]
[WhiteElo "2120"]
[BlackElo "2038"]
[Result "1-0"]
[Annotator "SMR-MLT"]
[PlyCount "61"]
[EventDate "2015.04.19"]

1. e4 d6 2. d4 Nf6 3. Nc3 c6 4. h3 g6 5. Nf3 Bg7 6. Bd3 O-O 7. O-O b6 8. Qe2 a5
9. e5 Nd5 10. Nxd5 cxd5 11. Bf4 dxe5 12. Nxe5 f6 13. Nxg6 hxg6 14. Bxg6 f5 15.
Qh5 Rf6 16. Qh7+ Kf8 17. Bh6 Rxg6 18. Qh8+ Kf7 19. Qxd8 Nd7 20. Bxg7 Rxg7 21.
Rfe1 e6 22. Re3 Nf8 23. Rc3 Bb7 24. Rc7+ Kg8 25. Rxg7+ Kxg7 26. Qe7+ Kg8 27.
Qxb7 Re8 28. Re1 Ng6 29. Re3 Re7 30. Qxb6 Kf7 31. Rc3 1-0

[Event "IV C.to Europeo Piccole Nazioni a squadre"]
[Site "Guernsey GCI"]
[Date "2015.04.22"]
[Round "5.14"]
[White "Righi, Ezio"]
[Black "Cilia Vincenti, David"]
[WhiteElo "2041"]
[BlackElo "2077"]
[Result "1/2-1/2"]
[Annotator "SMR-MLT"]
[PlyCount "33"]
[EventDate "2015.04.19"]

1. e4 d5 2. exd5 Qxd5 3. Nc3 Qd8 4. d4 Nf6 5. Nf3 Bg4 6. Bf4 c6 7. Be2 e6 8. a3
Nbd7 9. O-O Be7 10. Re1 O-O 11. h3 Bxf3 12. Bxf3 Nd5 13. Nxd5 cxd5 14. Qd3 Nb6
15. a4 a6 16. b3 Bd6 17. Bxd6 1/2-1/2

[Event "IV C.to Europeo Piccole Nazioni a squadre"]
[Site "Guernsey GCI"]
[Date "2015.04.22"]
[Round "5.15"]
[White "Darmanin, Jake"]
[Black "Volpinari, Danilo"]
[WhiteElo "1984"]
[BlackElo "2016"]
[Result "1/2-1/2"]
[Annotator "SMR-MLT"]
[PlyCount "69"]
[EventDate "2015.04.19"]

1. e4 c5 2. c3 g6 3. Nf3 Bg7 4. d4 cxd4 5. cxd4 d5 6. e5 Nc6 7. Nc3 e6 8. Be2
Nh6 9. Bg5 Qa5 10. Qd2 Nf5 11. g4 Nfe7 12. Nb5 Qxd2+ 13. Kxd2 Kf8 14. Bf6 Ng8
15. g5 h5 16. h4 Nge7 17. Bd3 Bd7 18. Nd6 Rb8 19. Rac1 Nc8 20. Nb5 Rg8 21. Rc3
a6 22. Na3 Ke8 23. Rhc1 N8a7 24. Nc2 Bf8 25. a3 Na5 26. b4 N5c6 27. Ke2 Nd8 28.
Na1 Nb5 29. Bxb5 Bxb5+ 30. Ke3 Bc4 31. Nd2 b5 32. Nab3 Nc6 33. Nc5 Bxc5 34.
bxc5 Kd7 35. Rb1 1/2-1/2

[Event "IV C.to Europeo Piccole Nazioni a squadre"]
[Site "Guernsey GCI"]
[Date "2015.04.22"]
[Round "5.16"]
[White "Maccapani, Massimiliano"]
[Black "Psaila, Clarence"]
[WhiteElo "2009"]
[BlackElo "2063"]
[Result "1/2-1/2"]
[Annotator "SMR-MLT"]
[PlyCount "47"]
[EventDate "2015.04.19"]

1. e4 e6 2. Qe2 e5 3. Nf3 Nc6 4. g3 Bc5 5. Bg2 d6 6. h3 Be6 7. O-O h6 8. c3 Qd7
9. Kh2 Nge7 10. d3 O-O 11. Be3 Bb6 12. d4 exd4 13. cxd4 d5 14. e5 Nf5 15. Qd2
f6 16. exf6 Rxf6 17. Nc3 Rf7 18. Rad1 Raf8 19. Ne2 Nd6 20. Neg1 Ne4 21. Qc1 Bf5
22. Ne5 Nxe5 23. dxe5 c6 24. Bxb6 1/2-1/2

[Event "IV C.to Europeo Piccole Nazioni a squadre"]
[Site "Guernsey GCI"]
[Date "2015.04.22"]
[Round "6.17"]
[White "Klerides, Paris"]
[Black "Grassi, Enrico"]
[WhiteElo "2181"]
[BlackElo "2038"]
[Result "1-0"]
[Annotator "SMR-CYP"]
[PlyCount "63"]
[EventDate "2015.04.19"]

1. e4 d6 2. d4 Nf6 3. Nc3 c6 4. f4 Qa5 5. Bd3 e5 6. Nf3 exd4 7. Nxd4 g6 8. O-O
Bg7 9. Kh1 O-O 10. f5 c5 11. Nf3 Nc6 12. Qe1 gxf5 13. Qh4 c4 14. Bh6 Ng4 15.
Bxg7 Kxg7 16. Bxc4 Nce5 17. Nxe5 Qxe5 18. exf5 Bxf5 19. Rae1 Qc5 20. Qg5+ Kh8
21. Qxf5 Qxc4 22. Re4 Qc5 23. Rxg4 Qxf5 24. Rxf5 Rae8 25. h3 Re1+ 26. Kh2 Rc1
27. Nd5 Rxc2 28. Nf6 Rc5 29. Rf3 h5 30. Rh4 Rg5 31. Nxh5 f5 32. Nf4+ 1-0

[Event "IV C.to Europeo Piccole Nazioni a squadre"]
[Site "Guernsey GCI"]
[Date "2015.04.22"]
[Round "6.18"]
[White "Righi, Ezio"]
[Black "Constantinou, Pavlos"]
[WhiteElo "2041"]
[BlackElo "2050"]
[Result "1/2-1/2"]
[Annotator "SMR-CYP"]
[PlyCount "125"]
[EventDate "2015.04.19"]

1. e4 c5 2. Nf3 Nc6 3. d4 cxd4 4. Nxd4 g6 5. Nc3 Bg7 6. Be3 Nf6 7. Bc4 O-O 8.
Bb3 a5 9. a4 Ng4 10. Qxg4 Nxd4 11. Qd1 Nxb3 12. cxb3 d6 13. O-O Be6 14. Nd5
Bxd5 15. exd5 Bxb2 16. Ra2 Bf6 17. Rc2 Qd7 18. Qd2 b5 19. Rc6 bxa4 20. bxa4 Qg4
21. Qc2 Rfb8 22. h3 Qb4 23. Rc1 Kg7 24. Rc4 Qb2 25. Qe4 Qe5 26. Qd3 Qf5 27. Qd2
Rb2 28. Bh6+ Kg8 29. Qf4 Qd7 30. Rc7 Qd8 31. Qc4 Rbb8 32. g4 Bg7 33. Be3 h6 34.
Qe4 Kf8 35. Qc4 Rb4 36. Qc6 Rbb8 37. Ba7 Rxa7 38. Rxa7 Bd4 39. Rc7 Bc5 40. Rc2
Kg7 41. Re2 Kf6 42. Rd7 Qb6 43. Qxb6 Bxb6 44. Rdxe7 Bc5 45. R7e4 Rb1+ 46. Kg2
g5 47. h4 Rd1 48. hxg5+ hxg5 49. Rb2 Rxd5 50. Rb3 Re5 51. Rf3+ Ke6 52. Rxe5+
dxe5 53. Kf1 f6 54. Ke2 Be7 55. Kd3 Kd5 56. Rh3 e4+ 57. Ke2 Bd6 58. f3 exf3+
59. Rxf3 Be5 60. Rb3 Ke4 61. Rb5 Bc3 62. Rf5 Be5 63. Rf1 1/2-1/2

[Event "IV C.to Europeo Piccole Nazioni a squadre"]
[Site "Guernsey GCI"]
[Date "2015.04.22"]
[Round "6.19"]
[White "Aristotelous, Vassilis"]
[Black "Volpinari, Danilo"]
[WhiteElo "1968"]
[BlackElo "2016"]
[Result "1/2-1/2"]
[Annotator "SMR-CYP"]
[PlyCount "29"]
[EventDate "2015.04.19"]

1. e4 g6 2. d4 Bg7 3. Nf3 c5 4. c3 cxd4 5. cxd4 d5 6. Nc3 dxe4 7. Nxe4 Nh6 8.
Bc4 O-O 9. O-O Nf5 10. d5 Nd6 11. Nxd6 Qxd6 12. Qe2 Bg4 13. h3 Bxf3 14. Qxf3
Nd7 15. Qe2 1/2-1/2

[Event "IV C.to Europeo Piccole Nazioni a squadre"]
[Site "Guernsey GCI"]
[Date "2015.04.22"]
[Round "6.20"]
[White "Maccapani, Massimiliano"]
[Black "Hadjikyriakou, Arsenios"]
[WhiteElo "2009"]
[BlackElo "1857"]
[Result "1/2-1/2"]
[Annotator "SMR-CYP"]
[PlyCount "45"]
[EventDate "2015.04.19"]

1. d4 Nf6 2. Nf3 e6 3. c4 Bb4+ 4. Bd2 Qe7 5. g3 Nc6 6. Bg2 Bxd2+ 7. Nbxd2 d6 8.
O-O O-O 9. e4 e5 10. d5 Nb8 11. a3 a5 12. b4 axb4 13. axb4 Rxa1 14. Qxa1 Na6
15. Qc3 c5 16. dxc6 bxc6 17. Ne1 d5 18. exd5 Qxb4 19. Qxb4 Nxb4 20. dxc6 Be6
21. f4 exf4 22. Rxf4 Rc8 23. Nef3 1/2-1/2

[Event "IV C.to Europeo Piccole Nazioni a squadre"]
[Site "Guernsey GCI"]
[Date "2015.04.23"]
[Round "7.5"]
[White "Berardi, Giancarlo"]
[Black "Nielsen, Hogni Egilstoft"]
[WhiteElo "1625"]
[BlackElo "2382"]
[Result "0-1"]
[Annotator "SMR-FRO"]
[PlyCount "110"]
[EventDate "2015.04.19"]

1. c4 Nf6 2. g3 e6 3. Bg2 d5 4. cxd5 exd5 5. d4 Be7 6. Nf3 O-O 7. O-O Re8 8.
Nc3 c6 9. Qc2 Nbd7 10. Re1 Nf8 11. e4 dxe4 12. Nxe4 Nxe4 13. Qxe4 Be6 14. Be3
Bf6 15. Qc2 Bd5 16. a3 a5 17. Qd2 a4 18. Rad1 Ra6 19. Bf4 Ne6 20. Be5 Be7 21.
Qc1 Rb6 22. Re2 Rb5 23. Ne1 Bg5 24. f4 Bh6 25. Qa1 Bb3 26. Nc2 Nf8 27. Rde1 Qd7
28. d5 Bxd5 29. Nd4 Rc5 30. Bxd5 Rxd5 31. Nf3 f6 32. Qc1 fxe5 33. Nxe5 Qc7 34.
Qc4 Qb6+ 35. Kh1 Qd4 36. Qa2 Red8 37. Re4 Qb6 38. Nc4 Qb3 39. Qxb3 axb3 40.
R1e2 g6 41. a4 Bg7 42. R4e3 Rd3 43. Re7 R8d7 44. Re8 R7d4 45. Na5 Rxa4 46. Nxb7
Rc4 47. Na5 Rc5 48. Ra8 Rc2 49. Rae8 Bxb2 50. Nxc6 Bf6 51. Re1 Rxc6 52. Rb8 Rc2
53. Rb1 Rdd2 54. R8xb3 Rxh2+ 55. Kg1 Bd4+ 0-1

[Event "IV C.to Europeo Piccole Nazioni a squadre"]
[Site "Guernsey GCI"]
[Date "2015.04.23"]
[Round "7.6"]
[White "Rodgaard, John"]
[Black "Grassi, Enrico"]
[WhiteElo "2340"]
[BlackElo "2038"]
[Result "1-0"]
[Annotator "SMR-FRO"]
[PlyCount "69"]
[EventDate "2015.04.19"]

1. c4 c5 2. Nf3 b6 3. d4 cxd4 4. Nxd4 Bb7 5. Nc3 Nf6 6. f3 g6 7. e4 d6 8. Be2
Bg7 9. O-O O-O 10. Be3 Nc6 11. Qd2 Rc8 12. Rac1 Ne5 13. b3 Nc6 14. Rfd1 Qd7 15.
Bf1 Rfd8 16. Nde2 Qe8 17. h3 e6 18. Bg5 Rd7 19. Ng3 Qf8 20. Kh2 h6 21. Bf4 Rcd8
22. Qe1 e5 23. Be3 Nd4 24. Bd3 Nh7 25. Nd5 f5 26. Bxd4 exd4 27. exf5 Bxd5 28.
cxd5 Be5 29. fxg6 Nf6 30. Kh1 Bf4 31. Nf5 Re8 32. Qh4 Bg5 33. Qxd4 Re5 34. f4
Rxd5 35. Bc4 1-0

[Event "IV C.to Europeo Piccole Nazioni a squadre"]
[Site "Guernsey GCI"]
[Date "2015.04.23"]
[Round "7.7"]
[White "Righi, Ezio"]
[Black "Poulsen, Martin"]
[WhiteElo "2041"]
[BlackElo "2252"]
[Result "0-1"]
[Annotator "SMR-FRO"]
[PlyCount "100"]
[EventDate "2015.04.19"]

1. e4 d5 2. exd5 Qxd5 3. Nc3 Qd6 4. d4 Nf6 5. Bc4 a6 6. Nf3 b5 7. Bd3 Bb7 8.
Qe2 e6 9. Ne4 Nxe4 10. Bxe4 Bxe4 11. Qxe4 Qc6 12. Qxc6+ Nxc6 13. O-O Nb4 14. c3
Nd5 15. Re1 Bd6 16. Bg5 Kd7 17. Bd2 h6 18. Ne5+ Bxe5 19. Rxe5 Rhc8 20. Rc1 c5
21. dxc5 Rxc5 22. Ree1 Rac8 23. Kf1 Rc4 24. h3 a5 25. a3 R4c6 26. Rcd1 Rc4 27.
f3 R8c7 28. Kf2 Kc8 29. Re2 Rd7 30. Rde1 Rc6 31. Be3 f6 32. g3 e5 33. Rd2 b4
34. axb4 axb4 35. Red1 Nxe3 36. Kxe3 Rxd2 37. Kxd2 bxc3+ 38. bxc3 Rd6+ 39. Ke2
Rxd1 40. Kxd1 Kd7 41. Ke2 Ke6 42. h4 h5 43. Kd3 f5 44. Kc4 Kd6 45. Kb5 e4 46.
fxe4 fxe4 47. Kc4 Ke5 48. Kb3 e3 49. Kc2 Ke4 50. c4 Kf3 0-1

[Event "IV C.to Europeo Piccole Nazioni a squadre"]
[Site "Guernsey GCI"]
[Date "2015.04.23"]
[Round "7.8"]
[White "Andreasen, Joan Hendrik"]
[Black "Volpinari, Danilo"]
[WhiteElo "2227"]
[BlackElo "2016"]
[Result "1/2-1/2"]
[Annotator "SMR-FRO"]
[PlyCount "64"]
[EventDate "2015.04.19"]

1. d4 Nf6 2. c4 e6 3. Nc3 d5 4. Bg5 c6 5. Nf3 Nbd7 6. e3 Be7 7. Bd3 O-O 8. O-O
a6 9. Re1 dxc4 10. Bxc4 b5 11. Bd3 Bb7 12. a4 b4 13. Nb1 c5 14. Nbd2 Rc8 15.
Qe2 a5 16. Nc4 Re8 17. Nfe5 Ra8 18. Red1 cxd4 19. exd4 Nxe5 20. Nxe5 Qb6 21.
Be3 Bd5 22. g4 Qb7 23. f3 Nd7 24. Rf1 Rf8 25. Bb5 Nxe5 26. dxe5 Rfc8 27. Rad1
Bc5 28. Rd2 Qb6 29. Kf2 Rc7 30. Bxc5 Qxc5+ 31. Qe3 Kf8 32. Qxc5+ Rxc5 1/2-1/2

[Event "IV C.to Europeo Piccole Nazioni a squadre"]
[Site "Guernsey GCI"]
[Date "2015.04.25"]
[Round "8.18"]
[White "Righi, Ezio"]
[Black "Frick, Renato"]
[WhiteElo "2041"]
[BlackElo "2056"]
[Result "0-1"]
[Annotator "SMR-LIE"]
[PlyCount "38"]
[EventDate "2015.04.19"]

1. e4 c5 2. Nf3 Nc6 3. d4 cxd4 4. Nxd4 Nf6 5. Nc3 e5 6. Ndb5 d6 7. Nd5 Nxd5 8.
exd5 Ne7 9. c3 Nf5 10. Bd3 Be7 11. Qa4 O-O 12. Qe4 g6 13. g4 Nh4 14. Bh6 Re8
15. h3 f5 16. Qc4 Nf3+ 17. Ke2 e4 18. Qc7 Ne5 19. Bc2 Bd7 0-1

[Event "IV C.to Europeo Piccole Nazioni a squadre"]
[Site "Guernsey GCI"]
[Date "2015.04.25"]
[Round "8.19"]
[White "Guller, Andras"]
[Black "Volpinari, Danilo"]
[WhiteElo "2003"]
[BlackElo "2016"]
[Result "1-0"]
[Annotator "SMR-LIE"]
[PlyCount "55"]
[EventDate "2015.04.19"]

1. e4 g6 2. d4 Bg7 3. Nc3 d6 4. Nge2 a6 5. a4 b6 6. g3 Bb7 7. Bg2 Nd7 8. Be3
Ngf6 9. h3 O-O 10. O-O e5 11. dxe5 Nxe5 12. b3 Re8 13. Qd2 Ned7 14. f3 Qe7 15.
Bg5 Qf8 16. Rad1 h6 17. Be3 Kh7 18. Nf4 Rac8 19. Rfe1 Qh8 20. Nfe2 Qf8 21. Bd4
Qe7 22. Kh2 Qd8 23. Nf4 Ne5 24. Nfd5 Nxd5 25. Nxd5 Bxd5 26. exd5 Nd7 27. Bxg7
Rxe1 28. Qxh6+ 1-0